000 00953nam a2200265 4500
001 148492
003 ES-MaACL
005 20251002162510.0
007 t|
008 070214s1929 sp r ||||1| spa d
100 1 _aStrindberg, August.
_9108433
245 1 0 _aCinco dramas en un acto /
_cAugusto Strindberg ; traducción de Alejandro Rodríguez Álvarez.
260 _aMadrid :
_b[s. n.],
_c1929 (
_fImp. G. Hernández y Galo Sáez)
300 _a286 p. ;
_c16 x 10 cm.
505 8 _aContiene: La más fuerte ; Debe y haber ; Amor maternal ; Ante la muerte ; El primer aviso.
594 _aAlejandro Rodríguez Álvarez, dramaturgo conocido por el seud. de Alejandro Casona.
700 1 _aCasona, Alejandro,
_d1903-1965
_9171490
740 0 2 _aLa más fuerte.
740 0 2 _aDebe y haber.
740 0 2 _aAmor maternal.
740 0 2 _aAnte la muerte.
740 3 2 _aEl primer aviso.
852 _aES-MaACL
_jB-2895
999 _c148492
_d148492